header

Advancing the federal research agenda on violence against women (Record no. 170470)

MARC details
000 -LEADER
fixed length control field 01839nam a2200361Ia 4500
082 04 - DEWEY DECIMAL CLASSIFICATION NUMBER
Classification number 362.88/082/0973
245 00 - TITLE STATEMENT
Title Advancing the federal research agenda on violence against women
260 ## - PUBLICATION, DISTRIBUTION, ETC. (IMPRINT)
Place of publication Washington, D.C. :
Name of publisher National Academies Press,
Year of publication c2004.
300 ## - PHYSICAL DESCRIPTION
Number of Pages xi, 131 p.
500 ## - GENERAL NOTE
General note Based on a workshop convened by the National Research Council in January 2.
650 #0 - SUBJECT ADDED ENTRY--TOPICAL TERM
Topical Term Women
Topical Term Women
Topical Term Women
Topical Term Women
700 1# - ADDED ENTRY--PERSONAL NAME
Personal name Kruttschnitt, Candace.
Personal name McLaughlin, Brenda L.
Personal name Petrie, Carol.
856 40 - ELECTRONIC LOCATION AND ACCESS
Uniform Resource Identifier http://site.ebrary.com/lib/rucke/Doc?id=10051674

No items available.

© 2026 Rongo University
Contact us: librarian | system librarian | Rongo university